América Latina y la política mundial

Saved in:
Bibliografiske detaljer
Main Authors: Barahona Sáinz, Juan Manuel (Author), Boye Soto, Otto (Author), Río U., María Paz del (Author), Pizarro Mackay, Sergio (Author), Santibáñez, Abraham (Author), Sepúlveda A., Alberto (Author)
Format: Bog
Sprog:spansk
Udgivet: Santiago Instituto de Estudios Sociales Económicos y Culturales 1974
Serier:Estudios Internacionales
Fag:
Tags: Tilføj Tag
Ingen Tags, Vær først til at tagge denne postø!

MARC

LEADER 00000nam a2200000 a 4500
001 UCT7805
003 CL-VaPUC
008 970317e19740000CL |||||||||||||||||spa|d
082 0 4 |a 327.8  |b BAR  |2 21 
100 0 |a Barahona Sáinz, Juan Manuel  |e author  |9 378968 
700 0 |a Boye Soto, Otto  |e author  |9 378969 
700 0 |a Río U., María Paz del  |e author  |9 378970 
700 0 |a Pizarro Mackay, Sergio  |e author  |9 378971 
700 0 |a Santibáñez, Abraham  |e author  |9 378972 
700 0 |a Sepúlveda A., Alberto  |e author  |9 378973 
245 1 0 |a América Latina y la política mundial 
300 |a 205 p 
942 |c BK 
945 |d 19970317 00:00:00  |a paguirre 
260 |a Santiago  |b Instituto de Estudios Sociales Económicos y Culturales  |c 1974 
650 0 |a Relaciones Internacionales  |9 255740 
650 0 |a Política internacional  |9 255813 
650 7 |a DOCTRINA MONROE  |2 CL-VaPUC  |9 314895 
650 7 |a RELACIONES ECONOMICAS EXTERIORES  |2 CL-VaPUC  |9 259071 
651 0 |a Unión Soviética  |9 256769 
651 0 |a América Latina   |9 255027 
583 |a last modification  |c 19970317 00:00:00  |k Rodrigo Vera 
490 0 |a Estudios Internacionales 
999 |c 256352  |d 256350 
952 |0 0  |1 0  |4 0  |6 327_800000000000000_BAR_1974  |7 0  |8 A  |9 279044  |a BIBDER  |b BIBDER  |d 2019-11-19  |i 1807978  |o 327.8 BAR 1974  |p 1807978  |r 2023-01-25  |w 2019-11-19  |y BK  |k DER